000 00780nam a2200253Ia 4500
003 OSt
005 20220925181558.0
006 a|||||r|||| 00| 0
007 ta
008 220923b |||||||| |||| 00| 0 eng d
020 _a1858984505
037 _cGeneral Book
040 _aRTL
_cRTL
_beng
041 _2eng
_aeng
082 _aX:(G:55), N8
100 _aGrafton R Quentin
_9254223
245 0 _aEconomic rights and environmental wrongs
_b Property
260 _aCheltentam^a
_bEdward Elgar
_c1998
300 _axiii,189p Bibliography: P 161-78
_ccm.
650 _aEconomics irt Environment
_9233923
700 _a Devlin Rose Anne
_9254224
942 _hX:(G:55), N8
_cGB
_2CC
999 _c499665
_d499665